| 000 | 00819cab a2200253 4500 | ||
|---|---|---|---|
| 001 | ABS56102 | ||
| 008 | 090401t1996 xxu||||| |||| 00| 0 eng d | ||
| 035 | _a(Sirsi) u21210 | ||
| 041 | _aeng | ||
| 100 | _aCrossley-Smith, T. | ||
| 245 | _aGet straight to the point on services | ||
| 260 | _c1996 | ||
| 350 | _a0 | ||
| 490 |
_aProperty Week _v57(5) 1 November 1996, 24(1) |
||
| 520 | _aWith reference to the Red Book, considers the points that should be taken into account when preparing a valuation, emphasising the need to point out the limitations of any valuation and survey carried out. | ||
| 650 | _aBUILDING SURVEYS | ||
| 650 | _aINSPECTIONS | ||
| 650 | _aNEW RED BOOK | ||
| 650 | _aPRACTICE STATEMENT 6 | ||
| 650 | _aPS6 | ||
| 690 | _aRATING AND VALUATION | ||
| 942 | _n0 | ||
| 948 | _c04/03/1997 | ||
| 999 |
_c14236 _d14236 |
||